000 00587nam a2200205Ia 4500
005 20250923144909.0
008 008 250917s9999 xx 000 0 eng d
037 _aTextual
040 _aDSWL
_beng
_cDSWL
041 _aeng
_2eng
084 _aX.2.N5, K4.1
_qDSWL
100 _aGhosh, Alak
_9829562
245 0 _aIndian Economy, its nature and problems
_cby Alak Ghosh
260 _aCalcutta
_bThe world Press Pvt.
_c1964
300 _axxvi,597p.
365 _aINR
_b12.50
925 _g12.50
942 _cTEXL
_hX.2.N5, K4.1
999 _c1444728
_d1444728